| 000 | 00828nam a2200313 4500 | ||
|---|---|---|---|
| 001 | 2729914 | ||
| 003 | DO-SdBPM | ||
| 005 | 20250509103025.0 | ||
| 007 | 2729914 | ||
| 008 | 770617s1977 sp 000 1 spa | ||
| 010 | _a | ||
| 015 | _a | ||
| 020 |
_a842062774 _c |
||
| 040 |
_aDO-SdBPM _c spa _dBPMSU |
||
| 050 | 0 | 0 |
_a _b |
| 082 | 4 |
_a823.91 _bF733m 1977 _222 |
|
| 100 | 1 |
_aForster, Edward Morgan, _d1879-1970. |
|
| 240 | _a | ||
| 245 | 1 | 3 |
_aLa mansión / _cE. M. Forster ; traducción Eduardo Mendoza |
| 250 | _a2a ed. | ||
| 260 |
_aBarcelona : _bEditorial Planeta, _c1977. |
||
| 300 |
_a372 p. ; _c22 cm. |
||
| 490 | 0 | _aInfinito | |
| 590 | _aInventariado, 2025/VM | ||
| 650 | 4 | _aNovela inglesa | |
| 700 | 1 |
_aMendoza, Eduardo, _etraductor |
|
| 910 | _aVMateo V. Control de calidad. BPMSU | ||
| 942 |
_2ddc _cBK |
||
| 999 |
_c9144 _d9144 |
||